| 000 | 01264nam a22003737a 4500 | ||
|---|---|---|---|
| 003 | CHAP | ||
| 005 | 20220817044129.0 | ||
| 008 | 061026d2003 it bd rn 00110 eng d | ||
| 010 | _a92939 | ||
| 011 | _a93911 | ||
| 020 | _a9251049297 | ||
| 035 | _a104494 | ||
| 040 | _cCHAP | ||
| 082 | 0 | 4 |
_a636.0896 _bF35 v.4 |
| 110 | 2 | _aFAO | |
| 245 | 1 | 0 |
_aSocio-economic and cultural factors in the research and control of trypanosomiasis _c/by Mulumba Kamuanga |
| 260 |
_aRome : _bFAO, _c2003 |
||
| 300 |
_a67 p. : _bmapa ; tablas |
||
| 490 | 0 |
_aPAAT. _pTechnical and scientific series _v; 4 |
|
| 590 |
_aBATCH-UPD _b10 _c20130110 _lUCH01 _h0624 |
||
| 590 |
_aBATCH-UPD _b10 _c20130410 _lUCH01 _h0307 |
||
| 590 |
_aBATCH-UPD _b10 _c20130914 _lUCH01 _h1503 |
||
| 590 |
_aCONVERSION _b10 _c20130109 _lUCH01 _h1351 |
||
| 650 | 1 | 4 |
_aGanadería _xAspectos económicos. _944616 |
| 650 | 1 | 4 |
_aGanadería _xInvestigación. _944756 |
| 650 | 1 | 4 |
_aGanado _xEnfermedades. _944909 |
| 650 | 1 | 4 |
_aTripanosomiasis. _9115169 |
| 700 | 1 |
_aKamuanga, Mulumba _962659 |
|
| 830 | 0 |
_aPAAT. _pTechnical and scientific series _v; 4 _984507 |
|
| 901 | _aBK | ||
| 905 | _aMarco A. Mendoza T. | ||
| 942 | _cLIBRO | ||
| 949 |
_a636.0896 F35 v.4 _bBC _cFAO _d33724000997003 _eFAO1 _gDonaciØn _h108349 _i104494 _sb |
||
| 999 |
_c92939 _d92939 |
||